Normal view
MARC view
Entry Personal Name
001 - CONTROL NUMBER
- control field: 3905
003 - CONTROL NUMBER IDENTIFIER
- control field: PK-LaUMT
005 - DATE AND TIME OF LATEST TRANSACTION
- control field: 20241230120717.0
008 - FIXED-LENGTH DATA ELEMENTS
- fixed length control field: 241230|| aca||aabn | a|a d
040 ## - CATALOGING SOURCE
- Original cataloging agency: PK-LaUMT
- Transcribing agency: PK-LaUMT
100 ## - HEADING--PERSONAL NAME
- Personal name: Giyan Chand =گیان چند
670 ## - SOURCE DATA FOUND
- Source citation: Work cat.: (PK-LaUMT)136432: Giyan Chand =گیان چند , Tahqeeq ka fun = تحقیق کا فن /, 2002
